Exposition de 1889 (Record no. 53524)

MARC details
000 -LEADER
campo de control de longitud fija 00561nam a22001815i 4500
001 - NÚMERO DE CONTROL
campo de control 53524
003 - IDENTIFICADOR DE NÚMERO DE CONTROL
campo de control ES-MaACL
005 - FECHA Y HORA DE LA ÚLTIMA TRANSACCIÓN
campo de control 20230906162801.0
007 - CAMPO FIJO DE DESCRIPCIÓN FÍSICA--INFORMACIÓN GENERAL
campo de control de longitud fija t|
008 - DATOS DE LONGITUD FIJA--INFORMACIÓN GENERAL
campo de control de longitud fija 951002s1889 fr ||||1| fre d
040 ## - FUENTE DE CATALOGACIÓN
Centro catalogador/agencia de origen CAM
Lengua de catalogación spa
Centro/agencia transcriptor CAM
111 2# - ENTRADA PRINCIPAL--NOMBRE DE CONGRESO/REUNIÓN
Nombre de congreso/reunión o jurisdicción como elemento de entrada Exposición Universal (
Fecha del congreso o de la firma del tratado 1889.
Sede del congreso/Lugar de la reunión París)
9 (RLIN) 135154
245 10 - MENCIÓN DEL TÍTULO
Título Exposition de 1889
Resto del título : Guide bleu du Figaro et du Petit Journal.
260 ## - PUBLICACIÓN, DISTRIBUCIÓN, ETC.
Lugar de publicación, distribución, etc. Paris :
Nombre del editor, distribuidor, etc. [s.n.,
Fecha de publicación, distribución, etc. 1889?]
300 ## - DESCRIPCIÓN FÍSICA
Extensión 288, [16] p., [5] h. de plan. pleg.
611 2# - PUNTO DE ACCESO ADICIONAL DE MATERIA--NOMBRE DE REUNIÓN/CONGRESO
Nombre de congreso/reunión o jurisdicción como elemento de entrada Exposición Universal.
Fecha del congreso o de la firma del tratado 1889.
Sede del congreso/Lugar de la reunión París)
9 (RLIN) 135154
852 ## - LOCALIZACIÓN
Ubicación ES-MaACL
Número de control de estantería G-3957
Holdings
Estatus retirado Estado de pérdida Estado de daño No para préstamo Colección Biblioteca de origen Biblioteca actual Ubicación en estantería Fecha de adquisición Fuente de adquisición Total de préstamos Signatura topográfica completa Código de barras Visto por última vez Precio de reemplazo Tipo de ítem Koha
        Libros del s. XIX Biblioteca del Ateneo de Madrid Biblioteca del Ateneo de Madrid Depósito 2 17/01/2008     G-3957 1056244 23/02/2023 23/02/2023 Libro impreso antiguo